LEADER 03626nam 2200541 450 001 9910465782103321 005 20200520144314.0 010 $a1-62623-751-4 035 $a(CKB)3710000001100951 035 $a(MiAaPQ)EBC4822568 035 $a(Au-PeEL)EBL4822568 035 $a(CaPaEBR)ebr11447940 035 $a(OCoLC)1005620443 035 $a(EXLCZ)993710000001100951 100 $a20171009h20162016 uy| 0 101 0 $aeng 135 $aurcn#nnn||||| 181 $ctxt$2rdacontent 182 $cc$2rdamedia 183 $acr$2rdacarrier 200 00$aComprehensive cleft care$hVolume I /$fedited by Joseph E. Losee, MD, FACS, FAAP, Ross H. Musgrave Professor of Pediatric Plastic Surgery, executive vice-chair and program director, Department of Plastic Surgery, University of Pittsburgh Medical Center, division chief, pediatric plastic surgery, The Children's Hospital of Pittsburgh of the University of Pittsburgh Medical Center, Pittsburgh, Pennsylvania, Richard E. Kirschner, MD, FACS, FAAP, Robert F. and Edgar T. Wolfe Foundation, endowed chair in plastic and reconstructive surgery, chief, section of plastic and reconstructive surgery, director, Cleft Lip and Palate Center, Department of Reconstructive Surgery, Nationwide Children's Hospital, professor of surgery and pediatrics and senior vice chair, Department of Plastic Surgery, The Ohio State University College of Medicine, Columbus, Ohio 205 $aSecond edition. 210 1$aNew York, NY :$cThieme,$d[2016] 210 4$dİ2016 215 $a1 online resource (xxxiii, 728, 4, 33 pages) $ccolor illustrations 300 $aPrevious edition: 2009. 311 $a1-62623-664-X 320 $aIncludes bibliographical references and index. 330 $aThis book (second edition) attempts to cover all the scientific and clinical disciplines related to cleft care, which is indeed a wide remit. It ably achieves its aims.... It is an enjoyable and very comprehensive read, being well written, presented, illustrated and organized. -- PMFA News Comprehensive Cleft Care is a complete clinical reference that addresses every aspect of the life-long care required by patients with orofacial clefting. Supported by a handsome full-color presentation, Comprehensive Cleft Care features heavily-illustrated chapters that provide unmatched coverage of everything from prenatal diagnosis to final orthognathic surgery. The inclusion of topics such as basic science research, mission work, and outcome measures make this an all-in-one clinical companion with coverage that cannot be found anywhere else. With its distinct holistic approach and perspectives from skilled specialists in a variety of disciplines, Comprehensive Cleft Care presents an unmatched overview of cleft repair and management. Volume One of the book covers non-surgical issues including: Embryology, Anatomy, Classification, Epidemiology, and Genetics; Nursing topics, Neuropsychosocial and Educational Aspects, Otologic, Audilogic, and Airway Assessment and Management, Outcomes and Research. 606 $aCleft lip 606 $aCleft palate 606 $aCleft lip$xSurgery 606 $aCleft palate$xSurgery 608 $aElectronic books. 615 0$aCleft lip. 615 0$aCleft palate. 615 0$aCleft lip$xSurgery. 615 0$aCleft palate$xSurgery. 676 $a617.522 702 $aLosee$b Joseph E. 702 $aKirschner$b Richard E. 801 0$bMiAaPQ 801 1$bMiAaPQ 801 2$bMiAaPQ 906 $aBOOK 912 $a9910465782103321 996 $aComprehensive cleft care$92094133 997 $aUNINA LEADER 01938nam 22004813 450 001 9910156441803321 005 20230808201036.0 010 $a1-78720-070-1 035 $a(CKB)3710000000986220 035 $a(MiAaPQ)EBC4808381 035 $a(Au-PeEL)EBL4808381 035 $a(CaPaEBR)ebr11349643 035 $a(OCoLC)974583251 035 $a(BIP)56632405 035 $a(EXLCZ)993710000000986220 100 $a20210901d2016 uy 0 101 0 $aeng 135 $aurcnu|||||||| 181 $ctxt$2rdacontent 182 $cc$2rdamedia 183 $acr$2rdacarrier 200 14$aThe Door Through Space 205 $a1st ed. 210 1$aSan Francisco :$cHauraki Publishing,$d2016. 210 4$dİ2016. 215 $a1 online resource (131 pages) 327 $aIntro -- TABLE OF CONTENTS -- AUTHOR'S NOTE -- CHAPTER ONE -- CHAPTER TWO -- CHAPTER THREE -- CHAPTER FOUR -- CHAPTER FIVE -- CHAPTER SIX -- CHAPTER SEVEN -- CHAPTER EIGHT -- CHAPTER NINE -- CHAPTER TEN -- CHAPTER ELEVEN -- CHAPTER TWELVE -- CHAPTER THIRTEEN -- CHAPTER FOURTEEN -- CHAPTER FIFTEEN -- REQUEST FROM THE PUBLISHER. 330 $aFANGS OF THE WOLF WORLD At one time Race Cargill had been the best Terran Intelligence agent on the complex and mysterious planet of Wolf.He had repeatedly imperiled his life amongst the half-human and non-human creatures of the sullen world.And he had repeatedly accomplished the fantastic missions until his name was emblazoned with glory. 606 $aIntelligence officers 606 $aInterplanetary voyages 606 $aScience fiction 615 0$aIntelligence officers. 615 0$aInterplanetary voyages. 615 0$aScience fiction. 676 $a823/.9/1 700 $aBradley$b Marion Zimmer$01374212 801 0$bMiAaPQ 801 1$bMiAaPQ 801 2$bMiAaPQ 906 $aBOOK 912 $a9910156441803321 996 $aThe Door Through Space$93407177 997 $aUNINA